Tanrend, 2000-2001. tanév II. félév, Szegedi Tudományegyetem Állam- és Jogtudományi Kar
Elmentve itt :
| Dokumentumtípus: | Könyv |
|---|---|
| Megjelent: |
2000
|
| Sorozat: | [Állam- és Jogtudományi Kar tanrendjei]
|
| Online Access: | http://univ.bibl.u-szeged.hu/19205 |
| LEADER | 00549nam a2200145 i 4500 | ||
|---|---|---|---|
| 001 | univ19205 | ||
| 005 | 20210708141507.0 | ||
| 008 | 171124s2000 hu o 0|| zxx d | ||
| 040 | |a SZTE UnivHistória Repozitórium |b hun | ||
| 041 | |a zxx | ||
| 245 | 0 | 0 | |a Tanrend, 2000-2001. tanév II. félév, Szegedi Tudományegyetem Állam- és Jogtudományi Kar |h [elektronikus dokumentum] |
| 260 | |c 2000 | ||
| 490 | 0 | |a [Állam- és Jogtudományi Kar tanrendjei] | |
| 561 | |a Tanrend | ||
| 856 | 4 | 0 | |u http://univ.bibl.u-szeged.hu/19205/1/ajtk_tanrend_2000_01_02.pdf |z Dokumentum-elérés |